[Event "Oslo CC-chB"]
[Site "Oslo"]
[Date "2018.09.06"]
[Round "1"]
[White "Larre, Eyvind"]
[Black "Glendrange, Gunnar"]
[Result "0-1"]
[WhiteElo "1183"]
[BlackElo "1556"]
[PlyCount "56"]
[EventDate "2018.09.06"]
[EventType "swiss"]
[EventRounds "9"]
[EventCountry "NOR"]
[SourceTitle "EXT 2024"]
[Source "ChessBase"]
[SourceDate "2023.10.10"]
[SourceVersion "1"]
[SourceVersionDate "2023.10.10"]
[SourceQuality "1"]

1. e4 c6 2. d3 d5 3. Nd2 dxe4 4. Nxe4 Nf6 5. Nxf6+ exf6 6. Nf3 Bd6 7. Qe2+ Be6 8. g3 0-0 9. Be3 Bg4 10. 0-0-0 Re8 11. h3 Be6 12. Kb1 Qa5 13. c4 b5 14. Nd4 bxc4 15. dxc4 Bd7 16. Bg2 Be5 17. Qd2 Qc7 18. f4 Bxd4 19. Qxd4 Bf5+ 20. Ka1 Na6 21. c5 Nb4 22. Qxb4 Rxe3 23. Qa4 Bd7 24. Rxd7 Qxd7 25. Bxc6 Qd2 26. Bxa8 Re1+ 27. Rxe1 Qxe1+ 28. Qd1 Qxd1# 0-1

[Event "Oslo-ch"]
[Site "Oslo"]
[Date "2017.08.16"]
[Round "1"]
[White "Fuglesang, Michael W"]
[Black "Larre, Eyvind"]
[Result "0-1"]
[WhiteElo "1739"]
[BlackElo "1188"]
[PlyCount "54"]
[EventDate "2017.08.16"]
[EventType "swiss"]
[EventRounds "9"]
[EventCountry "NOR"]
[SourceTitle "EXT 2024"]
[Source "ChessBase"]
[SourceDate "2023.10.10"]
[SourceVersion "1"]
[SourceVersionDate "2023.10.10"]
[SourceQuality "1"]

1. d4 Nf6 2. c4 g6 3. Nc3 Bg7 4. e4 d6 5. h3 0-0 6. Be3 c5 7. d5 e5 8. g4 a6 9. Bd3 Ne8 10. Qc2 b5 11. cxb5 axb5 12. Bxb5 Nc7 13. Bd3 Nba6 14. Qc1 Nb4 15. Be2 Ba6 16. Kd2 c4 17. Nf3 f5 18. gxf5 gxf5 19. Bg5 Qd7 20. a3 Nd3 21. Bxd3 cxd3 22. Ke1 fxe4 23. Nd2 Rxf2 24. Kxf2 Qf5+ 25. Ke1 Qxg5 26. Ndxe4 Qh4+ 27. Kf1 d2+ 0-1

[Event "Oslo Stjernen op B"]
[Site "Oslo"]
[Date "2017.06.17"]
[Round "3"]
[White "Larre, Eyvind"]
[Black "Lystad, Maximilian L"]
[Result "0-1"]
[WhiteElo "945"]
[BlackElo "1458"]
[PlyCount "42"]
[EventDate "2017.06.16"]
[EventType "swiss"]
[EventRounds "6"]
[EventCountry "NOR"]
[SourceTitle "EXT 2024"]
[Source "ChessBase"]
[SourceDate "2023.10.10"]
[SourceVersion "1"]
[SourceVersionDate "2023.10.10"]
[SourceQuality "1"]

1. e4 e6 2. d4 d5 3. Nc3 Bb4 4. Bd3 c5 5. exd5 Qxd5 6. Nf3 cxd4 7. a3 Bxc3+ 8. bxc3 dxc3 9. 0-0 Nc6 10. Re1 Nf6 11. Bb5 Qxb5 12. Bg5 Ke7 13. Rb1 Qc5 14. Rb4 Rd8 15. Nd4 Rxd4 16. Rxd4 Qxd4 17. Qf3 h6 18. Be3 Qd5 19. Qe2 b6 20. Rd1 Qe5 21. f4 Qe4 0-1

[Event "Oslo Stjernen op B"]
[Site "Oslo"]
[Date "2017.06.17"]
[Round "4"]
[White "Larre, Linnea"]
[Black "Larre, Eyvind"]
[Result "1-0"]
[WhiteElo "1295"]
[BlackElo "945"]
[PlyCount "51"]
[EventDate "2017.06.16"]
[EventType "swiss"]
[EventRounds "6"]
[EventCountry "NOR"]
[SourceTitle "EXT 2024"]
[Source "ChessBase"]
[SourceDate "2023.10.10"]
[SourceVersion "1"]
[SourceVersionDate "2023.10.10"]
[SourceQuality "1"]

1. e4 e5 2. Nf3 Nc6 3. Nc3 Nf6 4. d4 exd4 5. Nxd4 d6 6. Bf4 Be7 7. Nxc6 bxc6 8. e5 dxe5 9. Qxd8+ Bxd8 10. Bxe5 0-0 11. Bd3 Re8 12. f4 Ng4 13. 0-0 Nxe5 14. fxe5 Rxe5 15. Rae1 Rxe1 16. Rxe1 Be6 17. Bc4 Bf6 18. Bxe6 fxe6 19. Rxe6 Bd4+ 20. Kh1 c5 21. Rc6 Rb8 22. Rxc7 a6 23. g3 Rxb2 24. Ne4 Rxa2 25. Nd6 Rxc2 26. Rc8# 1-0

[Event "Oslo-ch"]
[Site "Oslo"]
[Date "2017.??.??"]
[Round "3"]
[White "Kirkesola, Gitle"]
[Black "Larre, Eyvind"]
[Result "1-0"]
[WhiteElo "1582"]
[BlackElo "1188"]
[PlyCount "55"]
[EventDate "2017.08.16"]
[EventType "swiss"]
[EventRounds "9"]
[EventCountry "NOR"]
[SourceTitle "EXT 2024"]
[Source "ChessBase"]
[SourceDate "2023.10.10"]
[SourceVersion "1"]
[SourceVersionDate "2023.10.10"]
[SourceQuality "1"]

1. e4 e5 2. Nf3 Nc6 3. Bc4 Be7 4. Nc3 Nf6 5. d3 0-0 6. h3 d6 7. a3 a6 8. Be3 Na5 9. Ba2 Be6 10. Nd5 Nxd5 11. exd5 Bf5 12. b4 Bf6 13. bxa5 e4 14. Nd4 Bxd4 15. Bxd4 exd3 16. cxd3 Re8+ 17. Be3 Qg5 18. 0-0 Rxe3 19. fxe3 Qxe3+ 20. Kh1 Bd7 21. Qf3 Qxf3 22. Rxf3 Re8 23. Raf1 f6 24. Bc4 Re2 25. d4 Rc2 26. Bd3 Ra2 27. Re1 c6 28. Re7 1-0